000 00318nam a2200145 i 4500
001 bg
100 1 _aPYRAK, S.
245 0 _aKonstrukcje z betonu /
_cS. Pyrak.
250 _aWyd. 2 popr.
260 _aWarszawa,
_c1985.
040 _cBPK
041 _apol
942 _cKS
008 s pl f |000 0 pol
999 _c4616
_d4616
856 _uhttp://koha.tu.koszalin.pl/cgi-bin/koha/opac-detail.pl?biblionumber=4616
_yKatalog online BPK